000 00722nam a2200289Ia 4500
005 20260324112257.0
008 008 260324s9999 xx 000 0 eng d
020 _a9781003370680
037 _aEBOOK
040 _aCRL
040 _beng
040 _cCRL
041 _2eng
041 _aeng
084 _qCRL
100 _aCraig Bremner; Paul A. Rodgers; Giovanni Innella
_91142025
245 0 _aDesign for the Unthinkable World
245 0 _bStrange Ecology and Unwelcome Change
260 _bTaylor and Francis
260 _c2024
365 _a
365 _b230
856 _uhttp://www.taylorfrancis.com/books/9781003370680
942 _cEBOOK
999 _c1731173
_d1731173